Fishing with electricity: its application to biology and management

Zapisane w:
Opis bibliograficzny
1. autor: Vibert, R (Autor)
Format: Książka
Język:angielski
Wydane: Nueva York FAO - Fishing News Books 1967
Hasła przedmiotowe:
Etykiety: Dodaj etykietę
Nie ma etykietki, Dołącz pierwszą etykiete!

MARC

LEADER 00000nam a2200000 a 4500
001 UCV5017
003 CL-VaPUC
008 920327e19670000US |||||||||||||||||eng|d
082 0 4 |a 639.2  |b VIB  |2 21 
100 0 |a Vibert, R  |e author  |9 299249 
245 1 0 |a Fishing with electricity: its application to biology and management 
300 |a 276 p 
942 |c BK 
945 |d 19920327 00:00:00 
260 |a Nueva York  |b FAO - Fishing News Books  |c 1967 
650 7 |a METODOS DE PESCA  |2 CL-VaPUC  |9 261501 
650 7 |a PESCA ELECTRICA  |2 CL-VaPUC  |9 261502 
650 7 |a INDUSTRIA PESQUERA EQUIPO Y ACCESORIOS  |2 CL-VaPUC  |9 261503 
583 |a last modification  |c 19920327 00:00:00  |k Rodrigo Vera 
999 |c 211627  |d 211625 
952 |0 0  |1 0  |2 ddc  |4 0  |6 639_200000000000000_VIB_1967  |7 0  |8 A  |9 191349  |a BIBCUR  |b BIBCUR  |d 2019-11-14  |i 2589583  |o 639.2 VIB 1967  |p 2589583  |r 2025-04-22  |w 2019-11-14  |y BK  |k CIM